| 000 | 00528aam a2200205 4500 | ||
|---|---|---|---|
| 005 | 20231009154508.0 | ||
| 008 | 150227b xxu||||| |||| 00| 0 eng d | ||
| 041 | _aSPA | ||
| 082 | _a155.23 B199d | ||
| 100 |
_aBambaren, Sergio _929131 |
||
| 245 | _aDesde las estrellas | ||
| 260 |
_aColombia _bNorma _c2004 |
||
| 300 | _a176 páginas | ||
| 650 | _aSUPERACIÓN PERSONAL | ||
| 650 | _aOPTIMISMO | ||
| 650 | _aCONFIANZA EN SI MISMO | ||
| 650 | _aAUTOESTIMA | ||
| 650 | _aÉXITO | ||
| 942 |
_cLIT _2ddc |
||
| 999 |
_c3430 _d3430 |
||